000 00575nam a22001937a 4500
003 0
005 20240430134223.0
008 240430b xxu||||| |||| 00| 0 eng d
020 _a978-0-141-34684-7
050 _aFIC
_bR48 2013
082 _aFIC
_bR48 2013
100 _aRiordan, Rick
245 _aPercy Jackson and the sea of monsters
_cRick Riordan
260 _aLondon
_bPuffin Books ; Penguin Randoim House
_c2013.
300 _a264 pages ;
_c21cm.
650 _aAnimals, Mythical -- Juvenile fiction.
650 _aMythology, Greek -- Fiction.
942 _2ddc
_cBK
999 _c365964
_d365964